Statistiken für Schweizer Bundesräte

Klicken Sie hier um das Quiz zu spielen!

Allgemein

  • Dieses Quiz wurde 153 mal gespielt
  • Das Durchschnittsergebnis liegt bei 46 aus 119

Antwortstatistiken

RegierungszeitKantonName% Korrekt
2012–FreiburgAlain Berset
96%
2019–WallisViola Amherd
95%
2009–ZürichUeli Maurer
93%
2008–2015GraubündenEveline Widmer-Schlumpf
91%
2017–TessinIgnazio Cassis
91%
2019–St. GallenKarin Keller-Sutter
91%
2016–WaadtGuy Parmelin
89%
2004–2007ZürichChristoph Blocher
88%
2010–BernSimonetta Sommaruga
86%
2006–2018AargauDoris Leuthard
82%
2003–2011GenfMicheline Calmy-Rey
81%
1988–2000BernAdolf Ogi
77%
1980–1987GraubündenLeon Schlumpf
77%
2010–2018BernJohann Schneider-Ammann
72%
2001–2008BernSamuel Schmid
72%
1995–2010ZürichMoritz Leuenberger
68%
2004–2010Appenzell AusserrhodenHans-Rudolf Merz
66%
2009–2017NeuenburgDidier Burkhalter
65%
1998–2009WallisPascal Couchepin
62%
1984–1989ZürichElisabeth Kopp
61%
1993–2002GenfRuth Dreifuss
61%
1989–2003LuzernKaspar Villiger
59%
1999–2003Appenzell InnerrhodenRuth Metzler-Arnold
59%
1895–1919BernEduard Müller
55%
1984–1998WaadtJean-Pascal Delamuraz
54%
1984–1995SolothurnOtto Stich
54%
1987–1999TessinFlavio Cotti
53%
1999–2006FreiburgJoseph Deiss
50%
1987–1999Appenzell InnerrhodenArnold Koller
49%
1988–1993NeuenburgRené Felber
46%
1972–1986St. GallenKurt Furgler
45%
1940–1950TessinEnrico Celio
43%
1960–1973Basel-StadtHans-Peter Tschudi
43%
1967–1973TessinNello Celio
43%
1848–1861ZürichJonas Furrer
41%
1966–1979BernRudolf Gnägi
41%
1974–1983SolothurnWilli Ritschard
38%
1983–1986LuzernAlphons Egli
36%
1974–1982ZugHans Hürlimann
36%
1978–1987NeuenburgPierre Aubert
35%
1962–1973WallisRoger Bonvin
34%
1930–1940BernRudolf Minger
34%
1848–1854BernUlrich Ochsenbein
34%
1891–1897Basel-LandschaftEmil Frey
32%
1974–1983WaadtGeorges-André Chevallaz
32%
1912–1940TessinGiuseppe Motta
32%
1934–1940Appenzell AusserrhodenJohannes Baumann
32%
1950–1954WallisJosef Escher
32%
1960–1971ObwaldenLudwig von Moos
32%
1952–1954ZürichMax Weber
32%
1934–1959ZugPhilipp Etter
32%
1970–1978NeuenburgPierre Graber
32%
1978–1982ZürichFritz Honegger
31%
1855–1863BernJakob Stämpfli
31%
1945–1961NeuenburgMax Petitpierre
31%
1983–1984ZürichRudolf Friedrich
31%
1940–1947SolothurnWalther Stampfli
31%
1930–1938ZürichAlbert Meyer
30%
1917–1919GenfGustave Ador
30%
1848–1855SolothurnJosef Munzinger
30%
1864–1895BernKarl Schenk
30%
1970–1978ZürichErnst Brugger
28%
1944–1951ZürichErnst Nobs
28%
1959–1965BernFriedrich Traugott Wahlen
28%
1952–1958BernMarkus Feldmann
28%
1913–1920GraubündenFelix Calonder
27%
1955–1959TessinGiuseppe Lepori
27%
1903–1917ZürichLudwig Forrer
27%
1876–1892NeuenburgNuma Droz
27%
1848–1857TessinStefano Franscini
27%
1955–1959St. GallenThomas Holenstein
27%
1893–1899GenfAdrien Lachenal
26%
1876–1890SolothurnBernhard Hammer
26%
1941–1951BernEduard von Steiger
26%
1867–1891AargauEmil Welti
26%
1961–1969AargauHans Schaffner
26%
1872–1878ZürichJohann Jakob Scherer
26%
1929–1944WaadtMarcel Pilet-Golaz
26%
1918–1929ZürichRobert Haab
26%
1848–1875St. GallenWilhelm Matthias Naeff
26%
1960–1970ZürichWilly Spühler
26%
1911–1917St. GallenArthur Hoffmann
24%
1912–1919WaadtCamille Decoppet
24%
1855–1867WaadtConstant Fornerod
24%
1912–1935AargauEdmund Schulthess
24%
1939–1943ZürichErnst Wetter
24%
1873–1875NeuenburgEugène Borel
24%
1894–1899WaadtEugène Ruffy
24%
1857–1864TessinGiovanni Battista Pioda
24%
1920–1934FreiburgJean-Marie Musy
24%
1892–1908LuzernJosef Zemp
24%
1920–1929BernKarl Scheurer
24%
1881–1893WaadtLouis Ruchonnet
24%
1900–1912WaadtMarc Ruchet
24%
1955–1966WaadtPaul Chaudet
24%
1900–1912NeuenburgRobert Comtesse
24%
1870–1875WaadtVictor Ruffy
24%
1889–1902ZürichWalter Hauser
24%
1879–1888ZürichWilhelm Hertenstein
24%
1920–1928WaadtErnest Chuard
23%
1897–1911Basel-StadtErnst Brenner
23%
1848–1855WaadtHenri Druey
23%
1935–1940SolothurnHermann Obrecht
23%
1960–1962FreiburgJean Bourgknecht
23%
1908–1911LuzernJosef Anton Schobinger
23%
1941–1954St. GallenKarl Kobelt
23%
1879–1883GraubündenSimeon Bavier
23%
1883–1912ThurgauAdolf Deucher
22%
1920–1934ThurgauHeinrich Häberlin
22%
1864–1872GenfJean-Jacques Challet-Venel
22%
1876–1878GlarusJoachim Heer
22%
1870–1875WaadtPaul Cérésole
22%
1876–1880ThurgauFridolin Anderwert
20%
1954–1959ZürichHans Streuli
19%
1912–1913NeuenburgLouis Perrier
19%
1848–1866AargauFriedrich Frey-Herosé
18%
1861–1872ZürichJakob Dubs
18%
1948–1954WaadtRodolphe Rubattel
18%
1855–1875LuzernJosef Martin Knüsel
15%

Verteilung der Resultate

Perzentil nach korrekt beantworteten Fragen

Anzahl Personen mit jedem Resultat

Ihre Resultats-Entwicklung

Sie haben dieses Quiz noch nicht gespielt